Thơ Tố Hữu những lời bình /
Những bài viết về thơ Tố Hữu với những nét cơ bản, tinh túy nhất, sắc nét nhất về thơ ông .
Shranjeno v:
| Drugi avtorji: | |
|---|---|
| Format: | Knjiga |
| Jezik: | Vietnamese |
| Izdano: |
Hà Nội :
Văn hoá thông tin,
1999.
|
| Teme: | |
| Oznake: |
Označite
Brez oznak, prvi označite!
|
| Thư viện lưu trữ: | Mạng thư viện Đại học Đà Nẵng |
|---|
| LEADER | 01088cam a2200385 i 4500 | ||
|---|---|---|---|
| 001 | 000042654 | ||
| 003 | 528 | ||
| 005 | 20041027100518.0 | ||
| 008 | 010217b1999 vm 000 vie | ||
| 020 | |c 60000 | ||
| 022 | |a T | ||
| 040 | |a IRC |c IRC |d IRC | ||
| 041 | 0 | |a vie | |
| 082 | 1 | 4 | |a 895.92134 |b Th-T |
| 245 | 0 | 0 | |a Thơ Tố Hữu những lời bình / |c Mai Hương. |
| 260 | |a Hà Nội : |b Văn hoá thông tin, |c 1999. | ||
| 300 | |a 763 tr. ; |c 19 cm. | ||
| 520 | 3 | |a Những bài viết về thơ Tố Hữu với những nét cơ bản, tinh túy nhất, sắc nét nhất về thơ ông . | |
| 600 | 1 | 4 | |a Tố Hữu, |d 1920-2002. |
| 630 | 0 | 4 | |a Tố Hữu. |
| 630 | 0 | 4 | |a Bình thơ. |
| 630 | 0 | 4 | |a Văn học Việt. |
| 650 | 0 | 4 | |a Tố Hữu, |d 1920-2002 |x Bình thơ. |
| 650 | 0 | 4 | |a Tố Hữu, |d 1920-2002. |
| 700 | 1 | |a Mai Hương. | |
| OWN | |a DUT | ||
| 999 | |a From the UDN01 | ||
| TYP | |a Monograph | ||
| TYP | |a Printed language | ||
| 980 | |a Mạng thư viện Đại học Đà Nẵng | ||